000
00223nam a2200097Ia 4500
008
240331s9999 xx 000 0 und d
082
_b
BHA
100
_a
Bhasin, Kamla
245
0
_a
Fomuilating projects with people
942
_c
L
999
_c
1794
_d
1794